Commentary on the first epistle of St. Paul to the Corinthians (Record no. 2096)

000 -LEADER
fixed length control field 00694nam a2200181 a 4500
001 - CONTROL NUMBER
control field :::00019157$&:&@@
003 - CONTROL NUMBER IDENTIFIER
control field OkBaRHE
005 - DATE AND TIME OF LATEST TRANSACTION
control field 20100327145637.0
008 - FIXED-LENGTH DATA ELEMENTS--GENERAL INFORMATION
fixed length control field s1957 j 000 0 eng u
040 ## - CATALOGING SOURCE
Transcribing agency
100 1# - MAIN ENTRY--PERSONAL NAME
Personal name Godet, Frederic Louis (1812-1900)
245 10 - TITLE STATEMENT
Title Commentary on the first epistle of St. Paul to the Corinthians
260 ## - PUBLICATION, DISTRIBUTION, ETC. (IMPRINT)
Place of publication, distribution, etc Grand Rapids, Michigan
Name of publisher, distributor, etc Zondervan Publishing House
Date of publication, distribution, etc 1957
300 ## - PHYSICAL DESCRIPTION
Extent (1-2 volumes)
942 ## - ADDED ENTRY ELEMENTS (KOHA)
Source of classification or shelving scheme
Koha item type Books
Copies
Lost status Permanent Location Collection code Date acquired Price effective from Not for loan Barcode Withdrawn status Copy number Date last seen Source of classification or shelving scheme Shelving location Damaged status Koha item type Full call number
 RHEMA Bible Training CollegeReference2010-04-142010-04-14 19157 12018-04-03 General Stacks BooksBS 2675 .G693 V.1
 RHEMA Bible Training CollegeReference2010-04-142010-04-14 19158 22018-04-03 General Stacks BooksBS 2675 .G693 V.2